Les mots de la langue française terminés par "père" - Statistiques

Statistiques générales
  • Ce quiz a été pris 390 fois
  • Le résultat moyen est 9 sur 15
Statistiques - réponses
Indice Mot % Correct
géniteur père
98%
indication repère
89%
souhaite espère
80%
tranquille pépère
80%
reptile vipère
75%
courant ampère
69%
décourage désespère
65%
agis opère
62%
florissant prospère
59%
loriot compère
55%
obéis obtempère
54%
participe coopère
44%
atténue tempère
38%
retrouve recupère
32%
blâme vitupère
13%
Aucun quiz correspondant
Distribution des résultats
% des personnes avec chaque résultat
Percentile par nombre de réponses
Votre historique - résultats
Vous n’avez pas pris ce quiz